Anuario 96/97 /
Guardado en:
| Formato: | Libro |
|---|---|
| Publicado: |
Buenos Aires :
Artes Gráficas Rioplatense,
1997
|
| Materias: | |
| Etiquetas: |
Agregar Etiqueta
Sin Etiquetas, Sea el primero en etiquetar este registro!
|
| LEADER | 00522nam a22001935a 4500 | ||
|---|---|---|---|
| 001 | CEM.cems009523 | ||
| 005 | 20080901102214.0 | ||
| 008 | 130507s1997##################000#0#####d | ||
| 003 | CEMS | ||
| 082 | 0 | 4 | |a 910.3 |
| 245 | 0 | 0 | |a Anuario 96/97 / |
| 260 | |a Buenos Aires : |b Artes Gráficas Rioplatense, |c 1997 | ||
| 300 | |a 434 p. | ||
| 653 | |a Anuarios | ||
| 653 | |a Bibliotecas | ||
| 653 | |a Cólera | ||
| 653 | |a Deuda externa | ||
| 653 | |a Empresa-ranking | ||
| 859 | |a CEMS |b BIB. CEMS - 11 de abril |h 910.3 |i C394 |p 19300.97 |t Ej.1 |v 1997 |3 1997 | ||
